Statistiques concernant Quiz logo de marques de voitures

Cliquez ici pour prendre le quiz!

Statistiques générales

  • Ce quiz a été pris 617 fois
  • Le résultat moyen est 15 sur 16

Statistiques - réponses

Réponse% Correct
Fiat
100%
BMW
99%
Mercedes
98%
Tesla
98%
Audi
97%
Ferrari
97%
Peugeot
96%
Renault
95%
Toyota
95%
Honda
92%
Opel
92%
Volkswagen
88%
Seat
87%
Bentley
86%
Hyundai
80%
Mitsubishi
75%

Distribution des résultats

Percentile par nombre de réponses

% des personnes avec chaque résultat

Votre développement - résultats

Vous n’avez pas pris ce quiz